All England Goalscorers in FIFA World Cup - Statistics

General Stats
  • This quiz has been taken 33 times
  • The average score is 27 of 53
Answer Stats
Year Goals Player % Correct
2018, 2022 8 Harry Kane
100%
1998, 2002 4 Michael Owen
93%
1962, 1966 4 Bobby Charlton
90%
1986, 1990 10 Gary Lineker
86%
2006, 2010 3 Steven Gerrard
86%
2014 1 Wayne Rooney
86%
1966, 1970 5 Geoff Hurst
83%
1998 2 Alan Shearer
76%
2022 3 Bukayo Saka
76%
1998, 2002, 2006 3 David Beckham
76%
2022 3 Marcus Rashford
76%
2022 1 Raheem Sterling
76%
2018 1 Harry Maguire
72%
2022 1 Phil Foden
72%
2014 1 Daniel Sturridge
69%
2022 1 Jude Bellingham
69%
1998 1 Paul Scholes
69%
2006 1 Joe Cole
66%
1990 1 Mark Wright
66%
2002 1 Emile Heskey
62%
2018 2 John Stones
62%
2002 1 Rio Ferdinand
62%
2022 1 Jordan Henderson
59%
2018 1 Kieran Trippier
59%
2006 1 Peter Crouch
59%
1990 3 David Platt
55%
2010 1 Jermain Defoe
55%
2018 1 Dele Alli
52%
2018 1 Jesse Lingard
52%
1966, 1970 2 Martin Peters
52%
2002 1 Sol Campbell
52%
1962 1 Jimmy Greaves
48%
1986 1 Peter Beardsley
48%
2022 1 Jack Grealish
45%
1966 3 Roger Hunt
41%
1982 2 Bryan Robson
38%
1998 1 Darren Anderton
38%
2010 1 Matthew Upson
38%
1982 2 Trevor Francis
31%
1954 3 Nat Lofthouse
28%
1982 1 Paul Mariner
28%
1950 1 Stan Mortensen
24%
1970 1 Alan Mullery
21%
1958 1 Johnny Haynes
21%
1970 1 Allan Clarke
17%
1954, 1958 2 Tom Finney
17%
1950 1 Wilf Mannion
14%
1962 2 Ron Flowers
10%
1958 2 Derek Kevan
7%
1954 1 Dennis Wilshaw
3%
1962 1 Gerry Hitchens
3%
1954 2 Ivor Broadis
3%
1954 1 Jimmy Mullen
3%
No matching quizzes found
Score Distribution
Percent of People with Each Score
Percentile by Number Answered
Your Score History
You have not taken this quiz